00552nam a2200169Ia 4500003000900000008004100009020001800050040001600068080001700084100001600101245012500117260005300242300001700295650002200312650002900334650001900363IN-BaIIA211028s9999 xx 000 0 eng d a0-201-19330-2 cIIA Library a519.682bWOL aWolfram, S. 0aMathematica tmba system for doing mathematics by computercS. Wolfram  aCaliforniabUniversity of California Pressc1988 axviii, 748p. aComputer programs aMathematical programming aNASA Thesaurus